Liptov

Politicko-spoločenský regionálny týždenník. Keď sa stal Ružomberok sídlom župy, Liptov prestal vychádzať, pretože župným časopisom sa stal Tatranský Slovák

Bibliographic Details
New Title:Tatranský Slovák
Format: Newspaper
Language:Slovak
PhysicalDescription:3 zv. 40-46 cm
Published: Ružomberok Miestny odbor Matice slovenskej 1939-1941
Subjects:

MARC

LEADER 00000cas a2200000 a 4500
001 vtls010300193
003 SK-MaSNL
005 20260228162752.0
008 110810d19391941xo wr ne 0 b0slo
040 |a SNK  |b slo  |c SNK  |e AACR2 
041 0 |a slo 
043 |a e-xo--- 
044 |a xo  |c SK 
072 7 |a 316.7  |x Sociológia kultúry. Kultúrny život  |2 konspekt 
072 7 |a 352/354  |x Stupne miestnej, oblastnej a ústrednej správy  |2 konspekt 
080 |a 353.9  |2 2011 
080 |a 316.728  |2 2011 
080 |a 050  |2 2011 
080 |a (437.6)  |2 2011 
080 |a (051)+(054)(437.6)  |2 2011 
080 |a 32  |2 2011 
245 0 0 |a Liptov 
260 |a Ružomberok  |b Miestny odbor Matice slovenskej  |c 1939-1941 
300 |a 3 zv.  |c 40-46 cm 
310 |a 1x týždenne 
362 0 |a Roč. I, č. 1 (25. mája1939)-roč. III, č. 4 (25. jan.1941) 
500 |a Od č. 4/1939 veľkosť zv. 46 cm 
500 |a Zodp. red.:1/1939-13/1939, Vojtech Hudcovský ; 14/1939-28/1939, Laco Kniha ; 29/1939-4/1941, Vladimír Hatiar 
520 |a Politicko-spoločenský regionálny týždenník. Keď sa stal Ružomberok sídlom župy, Liptov prestal vychádzať, pretože župným časopisom sa stal Tatranský Slovák 
650 0 7 |a územná samospráva  |2 SNKPH  |9 802 
650 0 7 |a spoločenský život  |2 SNKPH  |9 28654 
650 0 7 |a politika  |2 SNKPH  |9 968 
651 7 |a Liptov (Slovensko : región)  |2 SNKPHgeo  |9 151081 
655 7 |a regionálne periodiká  |2 SNKPH  |9 131775 
700 1 |a Hudcovský, Vojtech  |4 lso  |9 272059 
700 1 |a Kniha, Laco  |4 lso  |9 269455 
700 1 |a Hatiar, Vladimír  |4 lso  |9 272060 
785 0 0 |t Tatranský Slovák  |w vtls010300541 
910 |a snk 
916 |a 1939-1941 
999 |c 8314  |d 10244 
952 |t č. 1-4  |a SNK  |b SNK  |y PREZ  |7 0  |p 17A0178323  |o snkČSA 163/3/1941  |i snkČSD 139/57  |8 1  |f 1  |0 0  |1 0  |4 0  |d 2002-11-06  |l 0  |r 2005-01-01 00:00:00  |w 2026-02-21 
952 |t č. 1-32, neúplné  |a SNK  |b SNK  |y PREZ  |7 0  |p 17A0126234  |o snkČSA 163/1/1939  |i snk 168/41  |z Chýba č. 22  |f 1  |0 0  |1 0  |4 0  |d 2002-11-06  |l 0  |r 2005-01-01 00:00:00  |w 2026-02-21 
952 |t č. 1-51  |a SNK  |b SNK  |y PREZ  |7 0  |p 17A0055783  |o snkČSA 163/2/1940 D1  |i snkF 1303/68  |8 5  |0 0  |1 0  |4 0  |d 2002-11-06  |l 1  |r 2026-05-06 12:10:19  |s 2026-04-30  |w 2026-02-21 
952 |t č. 1-51  |a SNK  |b SNK  |y PREZ  |7 0  |p 17A0297987  |o snkČSA 163/2/1940  |i snkČSD 138/57  |8 1  |f 1  |0 0  |1 0  |4 0  |d 2002-11-06  |l 0  |r 2005-01-01 00:00:00  |w 2026-02-21 
952 |t č. 1-32, neúplné  |a SNK  |b SNK  |y PREZ  |7 0  |p 17A0606642  |o snkČSA 163/1/1939 D1  |i snkK 1553/94  |8 3  |z Chýba č. 13, 22  |0 0  |1 0  |4 0  |d 2009-01-10  |l 0  |r 2026-02-21 21:23:19  |w 2026-02-21 
952 |t č. 1-4  |a SNK  |b SNK  |y PREZ  |7 0  |p 17A0606641  |o snkČSA 163/3/1941 D1  |i snkK 1554/94  |8 3  |0 0  |1 0  |4 0  |d 2009-01-10  |l 0  |r 2026-02-21 21:23:19  |w 2026-02-21